Emploi des Machines a Commande Numérique /

Salvato in:
Dettagli Bibliografici
Autore principale: Bézier, P (Autore)
Natura: Libro
Lingua:francese
Pubblicazione: Paris : Masson et Cie, 1970
Tags: Aggiungi Tag
Nessun Tag, puoi essere il primo ad aggiungerne!!

MARC

LEADER 00000nam a22000003a 4500
001 stu34747
005 20150617225730.4
008 920325s1970----fr------------------fre-d
040 |a STU  |b slo 
041 0 |a fre 
044 |a fr 
100 1 |a Bézier, P  |4 aut 
245 1 |a Emploi des Machines a Commande Numérique /  |c [aut.]P. Bézier 
260 |a Paris :  |b Masson et Cie,  |c 1970 
300 |a 223 s 
996 |b 284M003609  |c M*4204-1  |l MMKN  |s A  |a 24  |w stu34747_0001